BPL Top Goalscorers, Last 10 years - Statistics

General Stats
  • This quiz has been taken 375 times
  • The average score is 8 of 10
Answer Stats
Year/ Number of goals Answer % Correct
2014/15 26 Aguero
89%
2012/13 26 Van Persie
84%
2011/12 30 Van Persie
84%
2009/10 29 Drogba
83%
2006/07 20 Drogba
83%
2007/08 31 Ronaldo
82%
2005/06 27 Henry
80%
2013/14 30 Suarez
79%
2010/11 20 Tevez Berbatov
70%
2008/09 19 Anelka
47%
No matching quizzes found
Score Distribution
Percent of People with Each Score
Percentile by Number Answered
Your Score History
You have not taken this quiz